MARC

LEADER 00000nam0a2200000 4500
001 283431
005 20231101235609.0
035 |a (RuTPU)RU\TPU\book\307503 
090 |a 283431 
100 |a 20150206d1984 km y0rusy5003 ca 
101 0 |a rus 
102 |a RU 
105 |a a z 000zy 
200 1 |a Ландшафтная организация промышленных узлов  |f Д. К. Лейкина 
210 |a Москва  |c Стройиздат  |d 1984 
215 |a 116 с.  |c ил. 
606 1 |a Промышленные узлы  |x Проектирование  |2 stltpush  |3 (RuTPU)RU\TPU\subj\52758  |9 71161 
606 1 |a Организация ландшафта  |2 stltpush  |3 (RuTPU)RU\TPU\subj\47287  |9 66341 
610 1 |a планировка 
610 1 |a промышленные территории 
610 1 |a благоустройство 
610 1 |a ландшафтная архитектура 
610 1 |a функциональные особенности 
610 1 |a композиция 
610 1 |a проектирование 
675 |a 711.5  |z rus  |v 4 
675 |a 712  |z rus  |v 4 
700 1 |a Лейкина  |b Д. К.  |g Диана Кононовна  |4 070 
801 0 |a RU  |b RuMRKP  |c 19950704  |g psbo 
801 1 |a RU  |b 63413507  |c 20150206 
801 2 |a RU  |b 63413507  |c 20180702  |g RCR 
942 |c BK